| 000 | 00580 a2200169 4500 | ||
|---|---|---|---|
| 003 | Nust | ||
| 005 | 20230221133348.0 | ||
| 040 | _cNust | ||
| 082 | _a327.549, RAZ | ||
| 100 |
_aRazvi, Mujtaba _937807 |
||
| 245 |
_aFrontiers of Pakistan _cMujtaba Rizvi |
||
| 260 |
_aRawalpindi _bArmy Education Press _c1971 |
||
| 300 | _a339 p. | ||
| 505 | _aThe Making Of Pakistan Frontiers (Page-13), Pakistan & India (Page-45), Pakistan & Afghanistan (Page-143), Pakistan & China (Page-166), Pakistan & Burma (Page-194), Pakistan & Iran (Page-203). | ||
| 650 | _aPakistan | ||
| 942 |
_2ddc _cBK |
||
| 999 |
_c184238 _d184238 |
||